00352pab a2200121 454500008004000000100002000040245007400060260000900134300001200143362001200155650002900167773003400196180718b1987 xxu||||| |||| 00| 0 eng d aClark, Alice W. aSocial demography of excess female mortality in IndiabNew directions c1987 aWS12-21 a25 Apr. aVital Statistics - India aEconomic and Political Weekly